000
00176 a2200097 4500
020
_a
9780399138713
041
_a
eng
100
_a
Francis, Dick
245
_a
Decider
942
_c
BK
999
_c
7825
_d
7825